Russian Cities A-Z - Statistics

General Stats
  • This quiz has been taken 45 times
    32 since last reset
  • The average score is 12 of 21
Answer Stats
Letter Hint Answer % Correct
D De-facto Russian occupied city in Eastern Ukraine Donetsk
92%
A The more northern city of the A-A line, which is the target of Operation Barbarossa Arkhangelsk
83%
C City where a meteor hit it in 2013 Chelyabinsk
79%
I Large city in Siberia where it connects to Lake of Baikal Irkutsk
79%
V Location of the deadliest war in human history Volgograd
75%
G Capital of the breakaway republic that Russia has fought with from 1999-2009 Grozny
71%
M City in Northern Russia which connects to Barents Sea Murmansk
71%
O City where an evil bird is named after Omsk
71%
Y Named after a former Russian Emperor Yekaterinberg
71%
N Largest city in Siberia Novosibirsk
63%
B Located on the Desna river, it is almost equidistant to the Russo-Belarusian and Russo-Ukrainian border Bryansk
58%
K Location of deadliest battle of WWII after battle described in V Kursk
58%
R City where the phrase “On ____ River” is in its name Rostov-on-Don
58%
U Named after a former Soviet leader Ulyanovsk
58%
L Named after Linden trees, and has the same origin to German city Leipzig Lipetsk
46%
P Have the same name as a hairstyle name Perm
46%
S Western Russian city located on the Dniper river Smolensk
42%
T Was known as “Kalinin” in Soviet times Tver
42%
E Named after “Sandy”, and was the administrative centre of Kalmyk ASSR Elista
38%
Z Has 3 versions of this city in Russia Zelenogorsk
8%
F Known for its proximity to Moscow, it is known for the microwave electronics Fryazino
4%
No matching quizzes found
Score Distribution
Percent of People with Each Score
Percentile by Number Answered
Your Score History
You have not taken this quiz since the last reset